<?xml version="1.0" encoding="UTF-8"?><?xml-stylesheet type="text/xsl" href="static/style.xsl"?><OAI-PMH xmlns="http://www.openarchives.org/OAI/2.0/" xmlns:xsi="http://www.w3.org/2001/XMLSchema-instance" xsi:schemaLocation="http://www.openarchives.org/OAI/2.0/ http://www.openarchives.org/OAI/2.0/OAI-PMH.xsd"><responseDate>2026-04-13T15:14:59Z</responseDate><request verb="GetRecord" identifier="oai:www.recercat.cat:10459.1/64867" metadataPrefix="marc">https://recercat.cat/oai/request</request><GetRecord><record><header><identifier>oai:recercat.cat:10459.1/64867</identifier><datestamp>2024-12-05T22:41:53Z</datestamp><setSpec>com_2072_3622</setSpec><setSpec>col_2072_479130</setSpec></header><metadata><record xmlns="http://www.loc.gov/MARC21/slim" xmlns:dcterms="http://purl.org/dc/terms/" xmlns:xsi="http://www.w3.org/2001/XMLSchema-instance" xmlns:doc="http://www.lyncode.com/xoai" xsi:schemaLocation="http://www.loc.gov/MARC21/slim http://www.loc.gov/standards/marcxml/schema/MARC21slim.xsd">
   <leader>00925njm 22002777a 4500</leader>
   <datafield ind2=" " ind1=" " tag="042">
      <subfield code="a">dc</subfield>
   </datafield>
   <datafield ind2=" " ind1=" " tag="720">
      <subfield code="a">Nadal Comas, Gabriel</subfield>
      <subfield code="e">author</subfield>
   </datafield>
   <datafield ind2=" " ind1=" " tag="720">
      <subfield code="a">Serna, Jorge</subfield>
      <subfield code="e">author</subfield>
   </datafield>
   <datafield ind2=" " ind1=" " tag="720">
      <subfield code="a">Nuviala Nuviala, Román</subfield>
      <subfield code="e">author</subfield>
   </datafield>
   <datafield ind2=" " ind1=" " tag="720">
      <subfield code="a">Falcón Miguel, David</subfield>
      <subfield code="e">author</subfield>
   </datafield>
   <datafield ind2=" " ind1=" " tag="260">
      <subfield code="c">2018-10-11T09:22:38Z</subfield>
   </datafield>
   <datafield ind2=" " ind1=" " tag="260">
      <subfield code="c">2018-10-11T09:22:38Z</subfield>
   </datafield>
   <datafield ind2=" " ind1=" " tag="260">
      <subfield code="c">2018</subfield>
   </datafield>
   <datafield ind2=" " ind1=" " tag="520">
      <subfield code="a">El presente estudio se centra en crear un instrumento de observación basado en la metodología observacional con el objeto&#xd;
de analizar la dirección del balón en un lanzamiento de penalti en el fútbol. Además, gracias a este instrumento, se&#xd;
estudiaron 239 penaltis en los mundiales de Brasil 2014 y Sudáfrica 2010, además de las copas de América de 2011, 2015,&#xd;
2016 y los campeonatos de Europa de 2012 y 2016. Se analizaron un total de 239 penaltis, donde se destacan los siguientes&#xd;
hallazgos: a) se encontró una relación directa entre la dirección del pie de apoyo del jugador lanzador y la dirección del&#xd;
tiro, en jugadores diestros coinciden un 77% hacia la derecha y 98% hacia la izquierda (p&lt;0,001) , y en jugadores zurdos&#xd;
un 87,5% hacia la derecha y 77,3% hacia la izquierda (p&lt;0,001) ; b) entre el brazo opuesto al pie de lanzamiento y la dirección&#xd;
del tiro también se observaron relaciones estadísticamente signi!cativas, en diestros se relacionan un 85% hacia la&#xd;
derecha y 98% a la izquierda (p&lt;0,001), en zurdos un 86% a la derecha y 85% a la izquierda (p&lt;0,001). De estos resultados&#xd;
podemos extraer las siguientes conclusiones: a) la dirección del pie de apoyo y el brazo opuesto al pie de lanzamiento son&#xd;
estadísticamente signi!cativas para cuanti!car la probabilidad aleatoria de predicción de la dirección del lanzamiento de&#xd;
un penalti; b) el brazo opuesto al pie de lanzamiento es visible desde la posición del portero y está en una ventana temporal&#xd;
anterior al golpeo, por lo tanto, es una variable entrenable.</subfield>
   </datafield>
   <datafield ind2=" " ind1=" " tag="520">
      <subfield code="a">*e present study focuses on creating an observational instrument based on observational methodology in order to analyze&#xd;
the direction of the ball in a penalty kicks in football. In addition, thanks to this instrument, 239 penalty kicks were&#xd;
studied in the World Cups of Brazil 2014 and South Africa 2010 plus the America Cup of 2011, 2015, 2016 and the European&#xd;
Championships in 2012 and 2016. A total of 239 penalty kicks were analyzed with the following results: a) a direct&#xd;
connection was established between the player’s supporting foot and the direction of the kick. 77% of right footed players&#xd;
to the right and 98% to the le# (p&lt;0,001) and 87.5% of le# footed players to the right and 77.3% to the le# (p&lt;0,001); b)&#xd;
statistically signi cant connections were also observed relating to the opposite arm to the foot in use and the direction of&#xd;
the kick. In right footed players 85% towards the right and 98% towards the le# (p&lt;0,001) and in le# footed players 86% to&#xd;
the right and 85% to the le# (p&lt;0,001). From these results, we can conclude as follows: a) the direction of the supporting&#xd;
foot and the opposite arm to the foot in use is statistically signi cant for calculating the random possibility of predicting&#xd;
the direction of a penalty kick: b) the opposite arm to the foot in use is visible from the goalkeeper’s position in the moments&#xd;
prior to the actual penalty kick and should, therefore, be included in a training routine.</subfield>
   </datafield>
   <datafield ind2=" " ind1=" " tag="520">
      <subfield code="a">O presente estudo centra-se em criar um instrumento de observação baseado na metodologia observacional com o objetivo&#xd;
de analisar a direção da bola em uma cobrança de pênalti no futebol. Também, graças a este instrumento, se estudaram&#xd;
239 pênaltis dos mundiais do Brasil 2014 e África do Sul 2010, além das copas América de 2011, 2015, 2016 e os campeonatos&#xd;
Europeus de 2012 e 2016. Foram analisados um total de 239 pênaltis, onde se destacam os seguintes resultados: a)&#xd;
encontrou-se uma relação direta entre a direção do pé de apoio do jogador cobrador e a direção do chute, em jogadores&#xd;
destros coincidem em 77% para a direita e 98% para a esquerda (p&lt;0,001), e em jogadores canhotos em 87,5% para a direita&#xd;
e 77,3% para a esquerda (p&lt;0,001); b) entre o braço oposto ao pé do chute e a direção do chute também observou-se&#xd;
relações estatisticamente signi cativas, em destros se relacionam em 85% para a direita e 98% para a esquerda (p&lt;0,001),&#xd;
em canhotos em 86% para a direita e 85% para a esquerda (p&lt;0,001). Desses resultados podemos tirar as seguintes conclusões:&#xd;
a) a direção do pé de apoio e o braço oposto ao pé do chute são estatisticamente signi cativas para quanti car a&#xd;
probabilidade aleatória de predição da direção de cobrança de um pênalti; b) o braço oposto ao pé de chute é visível desde&#xd;
a posição do goleiro e está em uma janela temporal anterior ao chute, portanto, é uma variável treinável.</subfield>
   </datafield>
   <datafield ind1="8" ind2=" " tag="024">
      <subfield code="a">http://hdl.handle.net/10459.1/64867</subfield>
   </datafield>
   <datafield tag="653" ind2=" " ind1=" ">
      <subfield code="a">Gol</subfield>
   </datafield>
   <datafield tag="653" ind2=" " ind1=" ">
      <subfield code="a">Porteros</subfield>
   </datafield>
   <datafield tag="653" ind2=" " ind1=" ">
      <subfield code="a">Lanzamientos</subfield>
   </datafield>
   <datafield tag="653" ind2=" " ind1=" ">
      <subfield code="a">Mundiales</subfield>
   </datafield>
   <datafield ind2="0" ind1="0" tag="245">
      <subfield code="a">Diseño de un instrumento observacional para la valoración del penalti en fútbol y análisis de los resultados obtenidos</subfield>
   </datafield>
   <datafield ind2="0" ind1="0" tag="245">
      <subfield code="a">Design of an observational instrument for the assessment of the penalty kicks in football and analysis of the obtained results</subfield>
   </datafield>
   <datafield ind2="0" ind1="0" tag="245">
      <subfield code="a">Desenho de um instrumento observacional para a avaliação do pênalti no futebol e análise dos resultados obtidos</subfield>
   </datafield>
</record></metadata></record></GetRecord></OAI-PMH>